=LDR 00000nam 2200000 4500 =001 INLIS000000000049259 =005 20170206094905.0 =006 =007 =008 =020 ##$$a 978-602-14394-2-5 =035 ##$$0010-021700000000051 =040 ##$$a NBPDMAT =082 ##$$a 959 .865 32 =090 ##$$a 959 .865 32 Sit s =100 ##$$a Siti maryam salahuddin =245 ##$$a Sejarah pemerintahan adat kesultanan Bima / $c Dr. Hj . Siti Maryam Salahuddin, SH. =250 ##$$a Cet .2 =260 ##$$a Bima : $b Yayasan museum kebudayaan saluparaja, $c 2014 =300 ##$$a XII, 88 hlm . : ilus , ; $c 20 cm =650 ##$$a Sejarah Bima =990 ##$$a 211/46/2015 =990 ##$$a 21604946 =990 ##$$a 21604947 =990 ##$$a 21604948 =990 ##$$a 21604949 =990 ##$$a 211/46/2015 =990 ##$$a 211/46/2015 =990 ##$$a 21604946 =990 ##$$a 21604948 =990 ##$$a 21604949 =990 ##$$a 211/46/2015 =990 ##$$a 211/46/2015 =990 ##$$a 211/46/2015 =990 ##$$a 21604948 =990 ##$$a 21604949